000 00486nam a2200169 4500
003 DO-SdBNP
005 20171213101757.0
008 161103b1990 cu||||| |||| 00| 0 spa d
040 _aBPMSU
_bspa
_cBPMSU
100 _aGilsenbach, Reimar
245 _aAlrededor de la naturaleza /
_cReimar Gilsenbach
260 _aLa Habana, Cuba :
_bGente Nueva ,
_c1990
300 _a175 p. :
_bil. :
_c30 cm
942 _2ddc
_cBK
945 _ainventario extranjero / DG
956 _adgarcia
_b10
999 _c11771
_d11771